| 000 | 00685nam a22001697a 4500 | ||
|---|---|---|---|
| 005 | 20250217093935.0 | ||
| 008 | 250217b |||||||| |||| 00| 0 eng d | ||
| 082 |
_22024 _aUT |
||
| 100 |
_aGondalangan, Cristal Joy B. _965305 |
||
| 245 |
_aPanic buying during environmental disruptions: What marketing insights can be learned? / _cCristal Joy B. Gondalanga, Hazel Joy S. Manguroban, and Jonaisa B. Pacasem |
||
| 260 |
_aDIgos City : _bUMDC, _c©august 2024. |
||
| 300 |
_aviii, 56 pages : _billustration (some colors) ; _c29 cm. |
||
| 500 | _aIncludes references and appendices. | ||
| 700 |
_aManguroban, Hazel Joy S. _965306 |
||
| 700 |
_aPacasem, Jonaisa B. _965304 |
||
| 942 |
_2ddc _cUT |
||
| 999 |
_c23456 _d23456 |
||